[Event "26th WSCC 2016 Open 50+"]
[Site "Marianske Lazne, Czech Republic - Hotel Cristal and Continental"]
[Date "2016.11.19"]
[Round "1.50"]
[White "Kolesar, Milan"]
[Black "Schneider, Waldemar"]
[Result "1-0"]
[WhiteElo "2194"]
[BlackElo "1818"]
[PlyCount "139"]
[EventDate "2016.11.19"]

1. Nf3 Nf6 2. c4 e6 3. Nc3 d5 4. d4 Be7 5. Bf4 c6 6. e3 O-O 7. h3 Nbd7 8. c5
Ne4 9. Nxe4 dxe4 10. Nd2 f5 11. Bc4 Nf6 12. O-O Nd5 13. Bh2 Rf6 14. a3 Rg6 15.
Kh1 Bg5 16. Qe2 b5 17. cxb6 axb6 18. Rfc1 Bb7 19. b4 Kh8 20. Be5 Bf6 21. Bxd5
exd5 22. Bxf6 Qxf6 23. f4 Ba6 24. Qf2 Bb5 25. Nb1 Bc4 26. Nc3 Qe7 27. Qb2 Rg3
28. Re1 g5 29. Qf2 gxf4 30. Qxf4 Rag8 31. Rg1 Qg7 32. Qf2 c5 33. Rad1 cxd4 34.
Rxd4 f4 35. Nxd5 Bxd5 36. Rxd5 fxe3 37. Qe1 Qb2 38. Qa1 Qxa1 39. Rxa1 e2 40.
Re5 Re3 41. Re1 Ra8 42. Kg1 Raxa3 43. Kf2 Rab3 44. Rb5 Rec3 45. Rxb6 e3+ 46.
Kxe2 Rc2+ 47. Kf3 Rf2+ 48. Kg3 Rbb2 49. Rxe3 Rxg2+ 50. Kh4 Rgf2 51. Rg3 Rf4+
52. Rg4 Rxg4+ 53. hxg4 Kg7 54. b5 h6 55. Rb8 Kf6 56. b6 Rh2+ 57. Kg3 Rb2 58.
Kf4 Rb4+ 59. Kf3 Ke5 60. b7 Rb3+ 61. Kg2 Kd6 62. Rd8+ Kc7 63. b8=Q+ Rxb8 64.
Rxb8 Kxb8 65. Kg3 Kc7 66. Kh4 Kd7 67. Kh5 Ke7 68. Kxh6 Kf6 69. g5+ Kf7 70. Kh7
1-0

[Event "26th WSCC 2016 Open 50+"]
[Site "Marianske Lazne, Czech Republic - Hotel Cristal and Continental"]
[Date "2016.11.19"]
[Round "1.51"]
[White "Koblizek, Lubomir"]
[Black "Barron, Michael"]
[Result "0-1"]
[WhiteElo "1811"]
[BlackElo "2189"]
[PlyCount "74"]
[EventDate "2016.11.19"]

1. d4 f5 2. c4 Nf6 3. Nc3 d6 4. Nf3 g6 5. e3 Bg7 6. Qc2 O-O 7. Bd3 c6 8. b3 Qa5
9. Bd2 Qc7 10. h4 e5 11. dxe5 dxe5 12. Be2 Na6 13. Na4 Ne4 14. Rd1 Nxd2 15.
Rxd2 e4 16. Ng5 h6 17. Nh3 Be6 18. c5 Nb4 19. Qc1 Rad8 20. Bc4 Qf7 21. Bxe6
Qxe6 22. Nf4 Qf7 23. O-O g5 24. hxg5 hxg5 25. Nh3 Bf6 26. Rfd1 Nd3 27. Qc4 Rd5
28. f4 gxf4 29. Nxf4 Nxf4 30. exf4 Rfd8 31. Qe2 Bd4+ 32. Rxd4 Rxd4 33. Rxd4
Rxd4 34. Nb2 Rd5 35. Qf2 Qg7 36. Qc2 Qd4+ 37. Kh2 Qe3 0-1

[Event "26th WSCC 2016 Open 50+"]
[Site "Marianske Lazne, Czech Republic - Hotel Cristal and Continental"]
[Date "2016.11.19"]
[Round "1.52"]
[White "Maslak, Alexander"]
[Black "Habada, Jindrich"]
[Result "1-0"]
[WhiteElo "2186"]
[BlackElo "1799"]
[PlyCount "39"]
[EventDate "2016.11.19"]

1. e4 c5 2. Nf3 d6 3. d4 cxd4 4. Nxd4 Nf6 5. Nc3 g6 6. Be3 Bg7 7. f3 O-O 8. Bc4
Nc6 9. Qd2 Bd7 10. Bb3 Rc8 11. h4 h5 12. O-O-O Na5 13. Kb1 Nc4 14. Bxc4 Rxc4
15. g4 b5 16. Nd5 a5 17. Nxf6+ Bxf6 18. gxh5 gxh5 19. Ne2 d5 20. Qxd5 1-0

[Event "26th WSCC 2016 Open 50+"]
[Site "Marianske Lazne, Czech Republic - Hotel Cristal and Continental"]
[Date "2016.11.19"]
[Round "1.53"]
[White "Vlcek, Antonin"]
[Black "Folk, Petr"]
[Result "0-1"]
[WhiteElo "1798"]
[BlackElo "2182"]
[PlyCount "64"]
[EventDate "2016.11.19"]

1. e4 c5 2. Nf3 e6 3. d4 cxd4 4. Nxd4 a6 5. Bd3 Nf6 6. O-O d6 7. Bg5 Be7 8. c4
O-O 9. Qc2 Nbd7 10. Nc3 Qc7 11. Rac1 b6 12. h3 Bb7 13. Rfe1 Rfe8 14. Nf3 Rac8
15. Qd2 Qb8 16. b4 Red8 17. a3 Rc7 18. Qe2 Qa8 19. Qe3 Rcc8 20. Na4 Qa7 21. e5
dxe5 22. Bxh7+ Kxh7 23. Nxe5 Nxe5 24. Qxe5 Bc6 25. Nc3 Qb7 26. f3 Qc7 27. Qxc7
Rxc7 28. b5 Bb7 29. bxa6 Bxa6 30. Nb5 Bxb5 31. cxb5 Rxc1 32. Rxc1 Bxa3 0-1

[Event "26th WSCC 2016 Open 50+"]
[Site "Marianske Lazne, Czech Republic - Hotel Cristal and Continental"]
[Date "2016.11.19"]
[Round "1.54"]
[White "Koehler, Gerhard"]
[Black "Ruzicka, Tomas"]
[Result "1-0"]
[WhiteElo "2182"]
[BlackElo "1796"]
[PlyCount "79"]
[EventDate "2016.11.19"]

1. c4 e5 2. Nc3 Nf6 3. g3 c6 4. d4 exd4 5. Qxd4 Be7 6. Bg2 O-O 7. Nf3 Na6 8.
O-O Bc5 9. Qd1 Nc7 10. e4 a6 11. e5 Ng4 12. h3 Nxf2 13. Rxf2 Bxf2+ 14. Kxf2 Ne6
15. Be3 f5 16. exf6 Qxf6 17. Kg1 Qg6 18. Kh2 b5 19. Nh4 Qf7 20. cxb5 axb5 21.
Nxb5 d5 22. Nd4 Bd7 23. Nhf3 Qf6 24. Qc2 Rac8 25. Rf1 Nd8 26. Ng5 Qg6 27. Rxf8+
Kxf8 28. Nxh7+ Kf7 29. Ng5+ Kf6 30. Qf2+ Ke7 31. Nb3 Ne6 32. Nxe6 Bxe6 33. h4
Qg4 34. Bg5+ Ke8 35. Qc5 Rc7 36. Qd6 Rd7 37. Qxc6 Kf7 38. Nc5 Ra7 39. Nxe6 Qxe6
40. Bxd5 1-0

[Event "26th WSCC 2016 Open 50+"]
[Site "Marianske Lazne, Czech Republic - Hotel Cristal and Continental"]
[Date "2016.11.19"]
[Round "1.55"]
[White "Hajsman, Ladislav"]
[Black "Sykora, Ondrej"]
[Result "1/2-1/2"]
[WhiteElo "1784"]
[BlackElo "2179"]
[PlyCount "64"]
[EventDate "2016.11.19"]

1. d4 d5 2. c4 c6 3. Nf3 Nf6 4. Nc3 e6 5. Bg5 h6 6. Bh4 dxc4 7. a4 Bb4 8. Qc2
g5 9. Bg3 g4 10. Ne5 Qxd4 11. Rd1 Qe4 12. Qd2 Bxc3 13. bxc3 Nbd7 14. e3 O-O 15.
Nxc4 Nd5 16. Nd6 Qg6 17. h3 e5 18. hxg4 Qxd6 19. e4 Kg7 20. exd5 cxd5 21. g5
Rh8 22. gxh6+ Rxh6 23. Rxh6 Qxh6 24. Qxh6+ Kxh6 25. Rxd5 f6 26. Bb5 Nf8 27. f4
Be6 28. Rc5 b6 29. Rc7 a6 30. Bd3 exf4 31. Bxf4+ Kh5 32. Rg7 Re8 1/2-1/2

[Event "26th WSCC 2016 Open 50+"]
[Site "Marianske Lazne, Czech Republic - Hotel Cristal and Continental"]
[Date "2016.11.19"]
[Round "1.56"]
[White "Madeira, Wagner Martins"]
[Black "De Winter, Gerard"]
[Result "1-0"]
[WhiteElo "2172"]
[BlackElo "1771"]
[PlyCount "39"]
[EventDate "2016.11.19"]

1. e4 d5 2. exd5 Nf6 3. Bb5+ Bd7 4. Bc4 Bg4 5. f3 Bf5 6. Nc3 Nbd7 7. Qe2 a6 8.
Bb3 Nc5 9. Qc4 Qd6 10. Nge2 Nxb3 11. axb3 O-O-O 12. Nb5 axb5 13. Ra8+ Kd7 14.
Qxb5+ c6 15. dxc6+ Qxc6 16. Qxf5+ e6 17. Rxd8+ Kxd8 18. Qa5+ b6 19. Qa7 Qc5 20.
Qb8+ 1-0

[Event "26th WSCC 2016 Open 50+"]
[Site "Marianske Lazne, Czech Republic - Hotel Cristal and Continental"]
[Date "2016.11.19"]
[Round "1.57"]
[White "Laloucek, Miroslav"]
[Black "Dovzhenko, Viktor"]
[Result "0-1"]
[WhiteElo "1771"]
[BlackElo "2171"]
[PlyCount "62"]
[EventDate "2016.11.19"]

1. d4 g6 2. Nf3 Bg7 3. Bf4 d6 4. e3 Nf6 5. h3 O-O 6. c3 b6 7. Nbd2 Bb7 8. Bc4
Nbd7 9. O-O c5 10. Qc2 Rc8 11. Rad1 Bxf3 12. gxf3 cxd4 13. exd4 e5 14. dxe5 Nh5
15. Bg3 Bxe5 16. Kg2 Qg5 17. h4 Nf4+ 18. Kh1 Qh5 19. Bb3 Bf6 20. Qe4 Bxh4 21.
Kg1 Bxg3 22. fxg3 Qc5+ 23. Kh2 Nh5 24. Qe7 Ne5 25. Ne4 Qe3 26. Kg2 Rce8 27.
Qxd6 Nxf3 28. Rd3 Ne1+ 29. Rxe1 Qxe1 30. Ng5 Re2+ 31. Kh3 Qf1+ 0-1

[Event "26th WSCC 2016 Open 50+"]
[Site "Marianske Lazne, Czech Republic - Hotel Cristal and Continental"]
[Date "2016.11.19"]
[Round "1.58"]
[White "Kozak, Milos"]
[Black "Sand, Rosemarie"]
[Result "1-0"]
[WhiteElo "2159"]
[BlackElo "1763"]
[PlyCount "87"]
[EventDate "2016.11.19"]

1. d4 Nf6 2. c4 g6 3. Nf3 Bg7 4. g3 O-O 5. Bg2 d5 6. cxd5 Nxd5 7. O-O c6 8. e4
Nb6 9. h3 N8d7 10. Nc3 Nf6 11. Qc2 Be6 12. Rd1 h6 13. b3 Rc8 14. Bb2 Qc7 15.
Rac1 Qb8 16. Ne2 Rfd8 17. Ba3 Re8 18. Nf4 Bd7 19. Ne5 g5 20. Nxd7 Nbxd7 21. Nd3
e6 22. e5 Nd5 23. Bd6 Qa8 24. Qe2 a5 25. Nc5 Nxc5 26. dxc5 Ne7 27. Be4 Nd5 28.
Bb1 Ne7 29. Qg4 Rcd8 30. h4 gxh4 31. gxh4 Qc8 32. Kh1 Qd7 33. Rg1 Ng6 34. h5
Bxe5 35. Bxe5 Qd5+ 36. Qe4 Qd2 37. Rxg6+ Kf8 38. Rgg1 Rd5 39. Bd6+ Rxd6 40.
cxd6 Qxd6 41. Rcd1 Qc5 42. Qh4 Qc3 43. Rg3 Qb2 44. Rdg1 1-0

[Event "26th WSCC 2016 Open 50+"]
[Site "Marianske Lazne, Czech Republic - Hotel Cristal and Continental"]
[Date "2016.11.19"]
[Round "1.59"]
[White "Dolezal, Rudolf"]
[Black "Bartos, Jan"]
[Result "0-1"]
[WhiteElo "1744"]
[BlackElo "2151"]
[PlyCount "68"]
[EventDate "2016.11.19"]

1. e4 g6 2. d4 Bg7 3. Nf3 d6 4. h3 Nf6 5. Bd3 O-O 6. O-O b6 7. Be3 Bb7 8. Nbd2
c5 9. d5 e6 10. c4 Nfd7 11. Rb1 Na6 12. a3 Re8 13. Re1 Nc7 14. Nf1 exd5 15.
exd5 b5 16. b3 bxc4 17. bxc4 Ba6 18. Bf4 Rxe1 19. Qxe1 Nb6 20. Qe2 Qd7 21. Ng5
Re8 22. Qc2 Be5 23. Bg3 Qa4 24. Qxa4 Nxa4 25. Ne3 Bxg3 26. Ng4 Be5 27. Nh6+ Kg7
28. Ngxf7 Bf4 29. g3 Bxh6 30. Nxd6 Rd8 31. Nb7 Rb8 32. d6 Rxb7 33. dxc7 Rxb1+
34. Bxb1 Kf6 0-1

[Event "26th WSCC 2016 Open 50+"]
[Site "Marianske Lazne, Czech Republic - Hotel Cristal and Continental"]
[Date "2016.11.19"]
[Round "1.60"]
[White "Agusto, Obafunmilayo"]
[Black "Molnar, Ladislav"]
[Result "1-0"]
[WhiteElo "2144"]
[BlackElo "1738"]
[PlyCount "59"]
[EventDate "2016.11.19"]

1. d4 Nf6 2. c4 e6 3. Nc3 Bb4 4. Qc2 d5 5. e3 c6 6. Bd3 Nbd7 7. Nf3 h6 8. Bd2
dxc4 9. Bxc4 Nd5 10. O-O Bd6 11. Rad1 O-O 12. e4 N5b6 13. Bb3 Qe7 14. e5 Bb4
15. Qc1 Bxc3 16. bxc3 f5 17. Bxh6 gxh6 18. Qxh6 Nd5 19. Ng5 N7b6 20. Rd3 Qg7
21. Qh4 Qh8 22. Qg3 Qg7 23. f4 Re8 24. Qh4 Qh8 25. Qe1 Kf8 26. c4 Nc7 27. Rh3
Qg7 28. Rh7 Qg6 29. Rxc7 a5 30. Nh7+ 1-0

[Event "26th WSCC 2016 Open 50+"]
[Site "Marianske Lazne, Czech Republic - Hotel Cristal and Continental"]
[Date "2016.11.19"]
[Round "1.61"]
[White "Tkadlecek, Petr"]
[Black "Christiansen, Arne"]
[Result "0-1"]
[WhiteElo "1733"]
[BlackElo "2133"]
[PlyCount "98"]
[EventDate "2016.11.19"]

1. d4 Nf6 2. Nf3 g6 3. Bf4 Bg7 4. e3 O-O 5. Nc3 c5 6. Bd3 cxd4 7. Nxd4 Nc6 8.
Ndb5 d6 9. O-O a6 10. Nd4 Nh5 11. Nde2 Nxf4 12. exf4 e6 13. Rb1 b5 14. a3 Bb7
15. Ne4 Qe7 16. c3 Rfd8 17. Bc2 d5 18. N4g3 d4 19. cxd4 Nxd4 20. Nxd4 Rxd4 21.
Qg4 h5 22. Qg5 Qc7 23. Rfc1 Rc4 24. f5 Rxc2 25. fxg6 fxg6 26. Rxc2 Qxc2 27. Rc1
Qd3 28. Qe7 Qd5 29. f3 Qd4+ 30. Kh1 Bd5 31. Ne2 Qf6 32. Qc7 Qe5 33. Qc2 Qxb2
34. Qxg6 Qxe2 35. Qxh5 Rf8 36. h4 Bxf3 37. Qg6 Qxg2+ 38. Qxg2 Bxg2+ 39. Kxg2
Bb2 40. Rc6 Ra8 41. Rxe6 Bxa3 42. h5 b4 43. Rb6 a5 44. Kf3 Rf8+ 45. Ke4 a4 46.
Kd3 b3 47. Rg6+ Kh7 48. Rg4 b2 49. Rg1 Rc8 0-1

[Event "26th WSCC 2016 Open 50+"]
[Site "Marianske Lazne, Czech Republic - Hotel Cristal and Continental"]
[Date "2016.11.19"]
[Round "1.62"]
[White "Baimurzin, Aitkazy"]
[Black "Svec, Jan"]
[Result "1-0"]
[WhiteElo "2132"]
[BlackElo "1717"]
[PlyCount "59"]
[EventDate "2016.11.19"]

1. Nf3 d5 2. c4 Nf6 3. cxd5 Nxd5 4. d4 e6 5. e4 Bb4+ 6. Bd2 Bxd2+ 7. Qxd2 Ne7
8. Nc3 O-O 9. Be2 b6 10. O-O Ba6 11. Rad1 Bxe2 12. Qxe2 c6 13. Rd3 Nd7 14. Rfd1
Nf6 15. Ne5 Qc7 16. Rg3 a6 17. Qf3 c5 18. Qxf6 Ng6 19. Qg5 f6 20. Qg4 fxe5 21.
Qxe6+ Kh8 22. Nd5 Qf7 23. Qxf7 Rxf7 24. Nxb6 Raf8 25. dxc5 Nf4 26. Rd2 Ne6 27.
Rc3 Nd4 28. f3 Rd8 29. Kf2 Kg8 30. b4 1-0

[Event "26th WSCC 2016 Open 50+"]
[Site "Marianske Lazne, Czech Republic - Hotel Cristal and Continental"]
[Date "2016.11.19"]
[Round "1.63"]
[White "Petersons, Ojars"]
[Black "Guner, Bulent"]
[Result "1/2-1/2"]
[WhiteElo "1704"]
[BlackElo "2130"]
[PlyCount "87"]
[EventDate "2016.11.19"]

1. e4 e5 2. c4 Bc5 3. Nc3 d6 4. h3 Nc6 5. d3 h6 6. Nf3 Nge7 7. a3 a6 8. Be3 O-O
9. Nd5 Bxe3 10. Nxe3 f5 11. Qc2 Be6 12. Be2 Qd7 13. O-O-O b5 14. g4 fxe4 15.
dxe4 b4 16. Nf5 bxa3 17. bxa3 Kh7 18. Rhg1 g6 19. Nxe7 Qxe7 20. Rg3 Rab8 21.
Kd2 Rxf3 22. Rxf3 Nd4 23. Qc3 Rb3 24. Qxb3 Nxb3+ 25. Rxb3 Qf7 26. Rf3 Qe8 27.
Rc1 Qc6 28. Re3 Qb6 29. Ke1 a5 30. Kf1 Qb2 31. Rcc3 a4 32. Kg2 Kg7 33. Bf1 Kf6
34. Rf3+ Ke7 35. Rfe3 Kd7 36. c5 d5 37. exd5 Bxd5+ 38. Kg3 e4 39. Bc4 Bc6 40.
Bf1 Qb1 41. Bg2 g5 42. Rc4 Qg1 43. Rd4+ Kc8 44. Rc4 1/2-1/2

[Event "26th WSCC 2016 Open 50+"]
[Site "Marianske Lazne, Czech Republic - Hotel Cristal and Continental"]
[Date "2016.11.19"]
[Round "1.64"]
[White "Babar, Michael"]
[Black "Svoboda, Frantisek"]
[Result "1-0"]
[WhiteElo "2129"]
[BlackElo "1701"]
[PlyCount "61"]
[EventDate "2016.11.19"]

1. e4 Nc6 2. Nf3 Nf6 3. e5 Ng4 4. d4 d6 5. h3 Nh6 6. Nc3 g6 7. Bf4 Bg7 8. Bb5
a6 9. Bxc6+ bxc6 10. Qd2 Ng8 11. O-O e6 12. Rfe1 d5 13. Na4 Ne7 14. Nc5 a5 15.
Re3 Rb8 16. Rb3 Rxb3 17. axb3 O-O 18. Rxa5 Kh8 19. Ra8 Qe8 20. Qa5 Qd8 21. Ra7
h6 22. Qxc7 Qxc7 23. Rxc7 Re8 24. Bd2 Kg8 25. Ra7 Bf8 26. Nd3 g5 27. Bb4 Kg7
28. Bd6 Kg6 29. Nc5 Nf5 30. Bxf8 Rxf8 31. g4 1-0

[Event "26th WSCC 2016 Open 50+"]
[Site "Marianske Lazne, Czech Republic - Hotel Cristal and Continental"]
[Date "2016.11.19"]
[Round "1.65"]
[White "Bauer, Matthias"]
[Black "Gayson, Peter M"]
[Result "0-1"]
[WhiteElo "1688"]
[BlackElo "2127"]
[PlyCount "66"]
[EventDate "2016.11.19"]

1. d4 f5 2. f4 Nf6 3. e3 e6 4. Nf3 Be7 5. Be2 O-O 6. O-O b6 7. Bd2 Bb7 8. a4 a5
9. Na3 Ne4 10. Be1 d6 11. c4 Nd7 12. Nb5 Ndf6 13. Rc1 c6 14. Nc3 Qd7 15. Nd2
Nxc3 16. bxc3 Ba6 17. Rb1 Rab8 18. Rf3 Kh8 19. Rh3 Rfd8 20. Bh4 e5 21. fxe5
dxe5 22. Nf3 Ng4 23. Nxe5 Nxe5 24. dxe5 Qe6 25. Qc2 Bxh4 26. Rxh4 Qxe5 27. Rh3
h6 28. Rf1 Rf8 29. Rf4 Rbe8 30. Bd3 Qc5 31. Rd4 f4 32. Qe2 Bc8 33. Rh5 f3 0-1

[Event "26th WSCC 2016 Open 50+"]
[Site "Marianske Lazne, Czech Republic - Hotel Cristal and Continental"]
[Date "2016.11.19"]
[Round "1.66"]
[White "Robertson, Ian C"]
[Black "Simon, Petr"]
[Result "1/2-1/2"]
[WhiteElo "2127"]
[BlackElo "1681"]
[PlyCount "80"]
[EventDate "2016.11.19"]

1. e4 e6 2. d4 d5 3. exd5 exd5 4. Nf3 Bd6 5. c4 c6 6. Nc3 Bb4 7. Bd3 Nf6 8. O-O
O-O 9. Bg5 Bg4 10. cxd5 Bxc3 11. dxc6 Nxc6 12. bxc3 h6 13. Bh4 Rc8 14. Rc1 Re8
15. h3 Bxf3 16. Qxf3 Qd5 17. Qxd5 Nxd5 18. Bg3 g6 19. Rfd1 Nf6 20. f3 Nh5 21.
Bh2 Kg7 22. Kf2 Nf6 23. a3 h5 24. g4 hxg4 25. hxg4 Nd7 26. Bf4 f6 27. Rh1 Rh8
28. Rxh8 Rxh8 29. Re1 Nb6 30. Rb1 Rc8 31. Ke3 Nd5+ 32. Ke4 Nxc3+ 33. Ke3 Nxb1
34. Bxb1 Ne7 35. Kd3 Nd5 36. Bd2 Nb6 37. Ba2 Rd8 38. Ke4 Re8+ 39. Kd3 Rd8 40.
Ke4 Re8+ 1/2-1/2

[Event "26th WSCC 2016 Open 50+"]
[Site "Marianske Lazne, Czech Republic - Hotel Cristal and Continental"]
[Date "2016.11.19"]
[Round "1.67"]
[White "Macek, Oldrich"]
[Black "Gueci, Riccardo"]
[Result "0-1"]
[WhiteElo "1677"]
[BlackElo "2121"]
[PlyCount "150"]
[EventDate "2016.11.19"]

1. e4 c5 2. Nf3 a6 3. c3 g6 4. d4 cxd4 5. cxd4 d5 6. exd5 Nf6 7. Nc3 Nxd5 8.
Bc4 e6 9. O-O Bg7 10. Bxd5 exd5 11. Re1+ Be6 12. Qb3 b5 13. Qxd5 Nd7 14. Bg5
Bf6 15. Bxf6 Nxf6 16. Qc6+ Kf8 17. d5 Bd7 18. Qd6+ Kg7 19. Re7 Re8 20. Rae1
Rxe7 21. Rxe7 Be8 22. Qe5 Rc8 23. g4 h6 24. Ne4 Qxd5 25. Qxf6+ Kg8 26. Nc3 Qc4
27. Re4 Qd3 28. Rd4 Qc2 29. Qxa6 Rc6 30. Qxb5 Re6 31. Qd3 Qxb2 32. a4 Bc6 33.
a5 Qa1+ 34. Kg2 Qxa5 35. Rd8+ Kg7 36. Kg3 Rf6 37. Ne4 Bxe4 38. Rg8+ Kxg8 39.
Qxe4 Qc7+ 40. Kg2 Qc6 41. Qe3 Qd5 42. Kg3 Qd1 43. h4 Kg7 44. Qc3 Qd6+ 45. Kg2
Kh7 46. g5 hxg5 47. hxg5 Rf5 48. Qe3 Qf4 49. Qxf4 Rxf4 50. Kg3 Rf5 51. Kg4 Kg7
52. Kg3 Kf8 53. Kg4 Ke7 54. Kg3 Kd6 55. Kg4 Kd5 56. Kg3 Ke4 57. Nd2+ Kd3 58.
Nf3 Rd5 59. Kf4 Ke2 60. Ne5 Kxf2 61. Ke4 Ra5 62. Nxf7 Rf5 63. Nd6 Rxg5 64. Kf4
Ra5 65. Ne4+ Kg2 66. Ng5 Ra4+ 67. Ke5 Ra5+ 68. Kf6 Ra6+ 69. Kg7 Kg3 70. Ne4+
Kf4 71. Nc5 Rc6 72. Nd3+ Kf5 73. Kh6 g5+ 74. Kg7 g4 75. Nb4 Rg6+ 0-1

[Event "26th WSCC 2016 Open 50+"]
[Site "Marianske Lazne, Czech Republic - Hotel Cristal and Continental"]
[Date "2016.11.19"]
[Round "1.68"]
[White "Daneri, Martin"]
[Black "Maly, Petr"]
[Result "1-0"]
[WhiteElo "2113"]
[BlackElo "1667"]
[PlyCount "89"]
[EventDate "2016.11.19"]

1. d4 Nf6 2. c4 g6 3. Nc3 Bg7 4. e4 d6 5. Be2 O-O 6. g4 e5 7. g5 Nfd7 8. d5 f5
9. gxf6 Qxf6 10. Nf3 a6 11. a4 a5 12. h4 h6 13. Be3 Na6 14. Qd2 Ndc5 15. Ra3
Bg4 16. Ng1 Bxe2 17. Qxe2 Nb4 18. Bxc5 dxc5 19. Nb5 Qf4 20. Re3 Rf7 21. h5 g5
22. Nh3 Qf6 23. f3 b6 24. Rg1 Kh7 25. Kf2 Bf8 26. Kg2 Bd6 27. Nf2 Rg7 28. Ng4
Qf7 29. Nc3 Rf8 30. Nd1 Qe8 31. b3 Rf4 32. Rh1 Qf8 33. Rh3 Qe7 34. Rc3 Qf8 35.
Nde3 Rgf7 36. Rc1 Na6 37. Rf1 Nb4 38. Rf2 Na6 39. Nf5 R4xf5 40. exf5 Rxf5 41.
Qe4 Kg7 42. Ne3 Rf6 43. Ng4 Rf5 44. Re2 Qe8 45. Qxf5 1-0

[Event "26th WSCC 2016 Open 50+"]
[Site "Marianske Lazne, Czech Republic - Hotel Cristal and Continental"]
[Date "2016.11.19"]
[Round "1.70"]
[White "Levrand, Roland"]
[Black "Koci, Vladimir"]
[Result "1-0"]
[WhiteElo "2097"]
[BlackElo "1636"]
[PlyCount "53"]
[EventDate "2016.11.19"]

1. e4 c5 2. Nf3 d6 3. d4 cxd4 4. Nxd4 Nf6 5. Nc3 a6 6. Bg5 Nbd7 7. Qe2 h6 8.
Bh4 Qc7 9. O-O-O b5 10. f4 e5 11. Nd5 Nxd5 12. exd5 Bb7 13. Ne6 Qb8 14. Qg4 g6
15. Bd3 Rg8 16. Nxf8 Nxf8 17. Rhe1 Bc8 18. Qg3 Nd7 19. fxe5 dxe5 20. d6 Kf8 21.
Qf3 Bb7 22. Qh3 Nc5 23. d7 Kg7 24. Bxg6 Ne6 25. Bxf7 Ng5 26. Bxg5 hxg5 27. Qe6
1-0

[Event "26th WSCC 2016 Open 50+"]
[Site "Marianske Lazne, Czech Republic - Hotel Cristal and Continental"]
[Date "2016.11.19"]
[Round "1.71"]
[White "Rehurek, Jiri"]
[Black "Hrbolka, Ladislav"]
[Result "1/2-1/2"]
[WhiteElo "1633"]
[BlackElo "2094"]
[PlyCount "69"]
[EventDate "2016.11.19"]

1. c4 g6 2. Nc3 c5 3. g3 Bg7 4. Bg2 Nc6 5. Nf3 d6 6. d3 e5 7. O-O Nge7 8. Bd2
O-O 9. Qc1 Nf5 10. e4 Nfd4 11. Bh6 Bg4 12. Nh4 a6 13. Bxg7 Kxg7 14. f3 Be6 15.
Bh1 b5 16. Qd2 bxc4 17. dxc4 Bxc4 18. Rf2 Rb8 19. Rd1 Nb4 20. b3 Be6 21. Ng2 f5
22. exf5 Bxf5 23. Ne3 Be6 24. Ne2 Nbc6 25. f4 Nxe2+ 26. Qxe2 Nd4 27. Qxa6 exf4
28. Rxf4 Rxf4 29. gxf4 Qb6 30. Qxb6 Rxb6 31. Nd5 Bxd5 32. Bxd5 Ne2+ 33. Kf2 Nc3
34. Rd2 Ra6 35. a4 1/2-1/2

[Event "26th WSCC 2016 Open 50+"]
[Site "Marianske Lazne, Czech Republic - Hotel Cristal and Continental"]
[Date "2016.11.19"]
[Round "1.72"]
[White "Prueske, Wolfgang"]
[Black "Jesensky, Jaromir"]
[Result "1-0"]
[WhiteElo "2093"]
[BlackElo "1500"]
[PlyCount "39"]
[EventDate "2016.11.19"]

1. e4 d5 2. exd5 Qxd5 3. Nc3 Qd6 4. d4 Nf6 5. Nf3 c6 6. Ne5 Bf5 7. g3 e6 8. Bg2
Qc7 9. O-O Nbd7 10. Nc4 Nb6 11. Bf4 Qd7 12. Ne5 Qc8 13. Qe2 Be7 14. g4 Bg6 15.
h4 Nbd5 16. Bg3 Qd8 17. h5 Bxc2 18. Qxc2 Nd7 19. Nxd5 cxd5 20. Qa4 1-0

[Event "26th WSCC 2016 Open 50+"]
[Site "Marianske Lazne, Czech Republic - Hotel Cristal and Continental"]
[Date "2016.11.19"]
[Round "1.73"]
[White "Bastyr, Pavel"]
[Black "Vepkhvishvili, Varlam"]
[Result "0-1"]
[WhiteElo "1462"]
[BlackElo "2086"]
[PlyCount "38"]
[EventDate "2016.11.19"]

1. d4 Nf6 2. c4 g6 3. Nc3 Bg7 4. Bg5 O-O 5. Nf3 c5 6. d5 a6 7. g3 b5 8. cxb5
axb5 9. a3 b4 10. axb4 Rxa1 11. Qxa1 cxb4 12. Bxf6 Bxf6 13. Ne4 Bg7 14. Bg2 Bb7
15. d6 Bxe4 16. dxe7 Qxe7 17. O-O d5 18. Qa5 Bxb2 19. Qxb4 Qxb4 0-1

[Event "26th WSCC 2016 Open 50+"]
[Site "Marianske Lazne, Czech Republic - Hotel Cristal and Continental"]
[Date "2016.11.19"]
[Round "1.74"]
[White "Semakoff, Aleks"]
[Black "Shashidhar, B Rai"]
[Result "1/2-1/2"]
[WhiteElo "2084"]
[BlackElo "1306"]
[PlyCount "60"]
[EventDate "2016.11.19"]

1. e4 c5 2. Nf3 d6 3. d4 cxd4 4. Nxd4 Nf6 5. Nc3 a6 6. g3 e6 7. Bg2 Be7 8. O-O
O-O 9. b3 Qc7 10. Bb2 Bd7 11. Qd2 Nc6 12. Nde2 Rac8 13. Nf4 Ne5 14. a3 Rcd8 15.
Rac1 Bc6 16. Qe2 b5 17. Rfe1 Qb7 18. Nd3 Nxd3 19. Qxd3 d5 20. exd5 Nxd5 21.
Nxd5 Bxd5 22. Bxd5 Qxd5 23. Qxd5 Rxd5 24. Kf1 Rfd8 25. Re4 Rd2 26. Re2 Rd1+ 27.
Rxd1 Rxd1+ 28. Re1 Rd2 29. Re2 Rd1+ 30. Re1 Rd2 1/2-1/2

[Event "26th WSCC 2016 Open 50+"]
[Site "Marianske Lazne, Czech Republic - Hotel Cristal and Continental"]
[Date "2016.11.19"]
[Round "1.75"]
[White "Muniraju, Narayanappa"]
[Black "Hewson, Brian Wr"]
[Result "0-1"]
[WhiteElo "1264"]
[BlackElo "2083"]
[PlyCount "58"]
[EventDate "2016.11.19"]

1. d4 d5 2. Nf3 Nf6 3. Nbd2 Nbd7 4. g3 c5 5. Bg2 cxd4 6. Nxd4 e5 7. N4b3 Be7 8.
O-O Qc7 9. c3 O-O 10. e4 dxe4 11. Nxe4 Nxe4 12. Bxe4 Nf6 13. Bg2 Be6 14. Re1 a5
15. Nd2 Bc5 16. Ne4 Nxe4 17. Bxe4 Rad8 18. Qe2 Qb6 19. b3 Rfe8 20. Qf3 f5 21.
Bc2 Bd5 22. Qxf5 g6 23. Qg5 Bxf2+ 24. Kf1 Rf8 25. Bf4 Bxe1 26. Rxe1 exf4 27.
gxf4 Qf6 28. Qxf6 Rxf6 29. Be4 Rxf4+ 0-1

[Event "26th WSCC 2016 Open 50+"]
[Site "Marianske Lazne, Czech Republic - Hotel Cristal and Continental"]
[Date "2016.11.19"]
[Round "1.76"]
[White "Liberchuk, Ilia"]
[Black "Horackova, Isabela"]
[Result "1-0"]
[WhiteElo "2076"]
[BlackElo "1165"]
[PlyCount "125"]
[EventDate "2016.11.19"]

1. c4 e5 2. g3 Be7 3. Bg2 Nf6 4. Nc3 c6 5. d4 d6 6. e4 O-O 7. Nge2 h6 8. O-O
Nh7 9. Be3 Nd7 10. f4 Ndf6 11. h3 Bd7 12. dxe5 dxe5 13. f5 b6 14. g4 Bc5 15.
Bxc5 bxc5 16. Qd2 Qe7 17. Qe3 Ne8 18. Na4 Nd6 19. b3 Nb7 20. Rad1 Rad8 21. Rd2
Bc8 22. Rfd1 Rxd2 23. Rxd2 Rd8 24. Kh2 Qh4 25. Rxd8+ Qxd8 26. a3 Qe7 27. Nc1
Qg5 28. Qxg5 Nxg5 29. Nd3 Na5 30. Naxc5 f6 31. Kg3 Kf7 32. Kf2 g6 33. Ke3 h5
34. h4 Nh7 35. Bf3 g5 36. hxg5 Nxg5 37. gxh5 Kg7 38. Nf2 Kh6 39. Ng4+ Kg7 40.
h6+ Kf7 41. Be2 Ke7 42. Kd3 Kd6 43. b4 Nb7 44. Nxb7+ Bxb7 45. Nxf6 Nf7 46. h7
Ke7 47. Ng4 Kf8 48. Nh6 Nh8 49. Ng4 Kg7 50. Nxe5 Kxh7 51. Kd4 Bc8 52. Kc5 Bb7
53. Bh5 Kg7 54. Be8 Kf6 55. Kd6 c5 56. Nd7+ Kg5 57. Nxc5 Ba8 58. Ke7 Kf4 59.
Kf8 Kg5 60. Kg7 Bxe4 61. Nxe4+ Kxf5 62. Nd6+ Ke6 63. Nc8 1-0